Revista reflexiones. Tabla de contenidos: volumen 95, número 2, 2016
Furkejuvvon:
| Materiálatiipa: | Girji |
|---|---|
| Giella: | Spanish |
| Almmustuhtton: |
Universidad de Costa Rica
2016
|
| Fáddágilkorat: |
Lasit fáddágilkoriid
Eai fáddágilkorat, Lasit vuosttaš fáddágilkora!
|
MARC
| LEADER | 00000nam a22000007a 4500 | ||
|---|---|---|---|
| 003 | cru IIS | ||
| 005 | 20210811120849.0 | ||
| 008 | 210811b2016 cr ||||| |||| 00| 0 spa d | ||
| 040 | |c CRAI UCR | ||
| 245 | |a Revista reflexiones. Tabla de contenidos: volumen 95, número 2, 2016 | ||
| 260 | |a Universidad de Costa Rica |c 2016 | ||
| 505 | |a EL PODER Y LOS AFECTOS EN EL ANÁLISIS DE LAS RELACIONES Y LAS TRANSFORMACIONES EN LAS FAMILIAS Nancy Piedra Guillén/ ACUERDOS Y COMPROMISOS: FAMILIAS Y PROGRAMAS SOCIALES DESDE UNA MIRADA TEÓRICA Florencia Picasso Risso/ JÓVENES UNIVERSITARIOS: PERCEPCIONES Y ENCUESTAS SOBRE CONFLICTO ARMADO Y PAZ EN COLOMBIA Jaime Andrés Wilches Tinjacá, Mauricio Hernández Pérez/ EL SUJETO DE LA FISURA ESTRUCTURAL: CONSIDERACIONES ONTOLÓGICAS Manuel Martínez Herrera/ EL NUEVO CONTEXTO DE LAS CAMPAÑAS ELECTORALES: EL CASO DEL APP MIVOTOHOY Carolina Carazo Barrantes/ | ||
| 773 | 0 | |0 19529 |9 2169 |a Universidad de Costa Rica. |d San José, Costa Rica: Editorial de la Universidad de Costa Rica, ago. 1992- |o 17714 |t Reflexiones / | |
| 942 | |2 ddc |c PP | ||
| 999 | |c 43817 |d 43817 | ||
